00552nam a2200157 a 450000100100000000500170001000800410002702000150006804000250008308200150010810000310012324501410015426000400029530000210033550000380035600002172420200930011426.0100910s2007 dr 000 0 spa d a9592589984 aDO-SdBNPbspacBNPHU axxxbL864c1 aLópez Civeira, Francisca10aCuba :bentre la reforma y la Revolución 1925-1935 /cFrancisca López Civeira ; edición Mildred Balladares, María Elena Pérez. aLa Habana :bFélix Varela,c2007. a345 p. ;c20 cm. aIncluye notas al pie de páginas